| 000 | 00972nam a2200277Ia 4500 | ||
|---|---|---|---|
| 001 | dia_1738 | ||
| 003 | CHAP | ||
| 005 | 20230619130034.0 | ||
| 008 | 220117s1965 xx 000 0 und d | ||
| 010 | _a172277 | ||
| 040 | _cCHAP | ||
| 082 | _a630.972 B47 1965 | ||
| 100 |
_aBerkin, David _9151467 |
||
| 245 |
_aCambios en la agricultura de la zona de Tierra Caliente, Michoacán, México, 1950-1960 / _c David Barkin |
||
| 260 |
_aMéxico, Chapingo : _b ENA. Colegio de Postgraduados, _c1965 |
||
| 300 | _a48 h. | ||
| 590 | _aS165 B47 1965 | ||
| 650 |
_aAgricultura _xMéxico _xMichoacán. _9151468 |
||
| 650 |
_aAgricultural programs and projects _xMexico _xMichoacán _9151469 |
||
| 650 |
_aAgriculture _xMexico _xMichoacán _9151470 |
||
| 650 |
_aProgramas y proyectos agrícolas _xMéxico _xMichoacán _9151471 |
||
| 901 | _a630.972 B47 1965 | ||
| 902 | _aM | ||
| 905 | _a5232271965 mx mn 8222223322spa16 | ||
| 942 |
_cLIBRO _2ddc |
||
| 999 |
_c172277 _d172277 |
||